000 00260nam a2200097Ia 4500
008 190216s9999||||xx |||||||||||||| ||und||
100 _aDr.Ganapathi Chandra Guptha
245 0 _aHindi-Hindi Sahithy Ka Vinjanik Ithihas
260 _bVidyarthimithram
942 _cBK
999 _c17538
_d17538